[Event "Hyderabad Pearl City op"]
[Site "Hyderabad"]
[Date "2019.09.09"]
[Round "7"]
[White "Venkata Ramana, J."]
[Black "Kaustuv, Kundu"]
[Result "0-1"]
[WhiteElo "2107"]
[BlackElo "2302"]
[PlyCount "108"]
[EventDate "2019.09.06"]
[EventType "swiss"]
[EventRounds "11"]
[EventCountry "IND"]
[SourceTitle "EXT 2020"]
[Source "ChessBase"]
[SourceDate "2019.10.17"]
[SourceVersion "1"]
[SourceVersionDate "2019.10.17"]
[SourceQuality "1"]

1. Nf3 c5 2. c4 Nf6 3. b3 g6 4. Bb2 Bg7 5. e3 0-0 6. Be2 b6 7. 0-0 Bb7 8. d4 cxd4 9. Qxd4 d6 10. Qh4 Nbd7 11. Nc3 Rc8 12. Rfd1 Rc5 13. Nd4 Qa8 14. f3 Re8 15. Qf2 Rcc8 16. Rac1 Nc5 17. Nc2 Red8 18. Nb4 e6 19. Bf1 Qb8 20. e4 b5 21. Rc2 a6 22. cxb5 axb5 23. Nxb5 e5 24. Bc4 Ncxe4 25. fxe4 Bxe4 26. Qa7 Qxa7+ 27. Nxa7 Bxc2 28. Nxc2 Rc7 29. Nb5 Rcd7 30. Be2 Ne4 31. Nb4 d5 32. Nc6 Re8 33. Bc4 d4 34. a4 Bh6 35. Kf1 Nd2+ 36. Ke2 Nxc4 37. bxc4 Rc8 38. Nba7 Rxa7 39. Nxa7 Rxc4 40. Kd3 Rxa4 41. Nc6 Ra2 42. Rb1 Bg7 43. Bc1 h5 44. Rb2 Ra1 45. Bd2 Rh1 46. h3 Rg1 47. Ba5 f5 48. Rb8+ Kh7 49. Rb7 e4+ 50. Kc4 Rc1+ 51. Kd5 d3 52. Nd4 e3 53. Bd8 Kh8 54. Bg5 d2 0-1

[Event "Goa op 1st"]
[Site "Taleigao"]
[Date "2018.10.14"]
[Round "2"]
[White "Bakunts, Rafael"]
[Black "Venkata Ramana, J."]
[Result "0-1"]
[WhiteElo "2427"]
[BlackElo "2086"]
[PlyCount "90"]
[EventDate "2018.10.13"]
[EventType "swiss"]
[EventRounds "10"]
[EventCountry "IND"]
[SourceTitle "CBM 186 Extra"]
[Source "ChessBase"]
[SourceDate "2018.08.24"]
[SourceVersion "1"]
[SourceVersionDate "2018.08.24"]
[SourceQuality "1"]

1. b3 e5 2. Bb2 d6 3. e3 Nc6 4. c4 g6 5. Nf3 Bg7 6. d4 exd4 7. Nxd4 Nxd4 8. Bxd4 Bxd4 9. Qxd4 Qf6 10. Nc3 Qxd4 11. exd4 Bf5 12. f3 h5 13. h4 0-0-0 14. Nd5 Be6 15. Nf4 Bd7 16. Bd3 Ne7 17. Kd2 c6 18. b4 Rdg8 19. a4 Bf5 20. Be2 Bd7 21. d5 cxd5 22. cxd5 g5 23. hxg5 Rxg5 24. Bc4 Ng6 25. Nxg6 Rxg2+ 26. Ke3 fxg6 27. Rag1 Re8+ 28. Kd4 Rd2+ 29. Kc3 Rf2 30. Rxg6 Rxf3+ 31. Kd2 Rf2+ 32. Kc3 Bf5 33. Rg3 Bg4 34. Bd3 Rf4 35. Rf1 Rxf1 36. Bxf1 Re4 37. a5 Kd7 38. Bd3 Rf4 39. Re3 Rf3 40. Rxf3 Bxf3 41. Kd4 h4 42. Bf5+ Ke7 43. Be6 Kf6 44. Ke3 Bh5 45. Kf4 Bf7 0-1

[Event "Mumbai Mayors Cup 4th"]
[Site "Mumbai"]
[Date "2011.09.17"]
[Round "2"]
[White "Venkata Ramana, J."]
[Black "Hossain, Enamul"]
[Result "0-1"]
[WhiteElo "2155"]
[BlackElo "2481"]
[PlyCount "38"]
[EventDate "2011.09.16"]
[EventType "swiss"]
[EventRounds "11"]
[EventCountry "IND"]
[SourceTitle "CBM 144 Extra"]
[Source "ChessBase"]
[SourceDate "2011.10.28"]
[SourceVersion "1"]
[SourceVersionDate "2011.10.28"]
[SourceQuality "1"]

1. Nf3 Nf6 2. g3 g6 3. Bg2 Bg7 4. 0-0 0-0 5. d4 d6 6. Re1 Nc6 7. d5 Na5 8. e4 c5 9. a4 Nd7 10. Ra2 a6 11. Bf1 Nf6 12. b3 e6 13. Nbd2 exd5 14. Bb2 d4 15. e5 dxe5 16. Nxe5 Be6 17. Ndc4 Nxc4 18. bxc4 Re8 19. Bc1 Nd7 0-1

[Event "Mumbai Mayors Cup 3rd"]
[Site "Mumbai"]
[Date "2010.06.03"]
[Round "2"]
[White "Sundararajan, Kidambi"]
[Black "Venkata Ramana, J."]
[Result "1-0"]
[WhiteElo "2520"]
[BlackElo "2175"]
[PlyCount "73"]
[EventDate "2010.06.02"]
[EventType "swiss"]
[EventRounds "11"]
[EventCountry "IND"]
[SourceTitle "CBM 136 Extra"]
[Source "ChessBase"]
[SourceDate "2010.07.02"]
[SourceVersion "2"]
[SourceVersionDate "2010.07.15"]
[SourceQuality "1"]

1. d4 g6 2. c4 Bg7 3. Nf3 d6 4. Nc3 Bg4 5. e3 Nf6 6. Be2 0-0 7. 0-0 c5 8. h3 Bf5 9. d5 Ne4 10. Nxe4 Bxe4 11. Ng5 Bf5 12. e4 Bd7 13. f4 Na6 14. Rb1 Nc7 15. b3 b5 16. Bb2 bxc4 17. Bxg7 Kxg7 18. bxc4 Rb8 19. e5 h6 20. Rxb8 Qxb8 21. Ne4 Qb6 22. Qa1 f6 23. e6 Ba4 24. Rb1 Qa6 25. Qb2 Re8 26. h4 Qa5 27. Qc3 Qa6 28. h5 Rg8 29. hxg6 Nxd5 30. Qd2 Nc7 31. f5 Rh8 32. Ng3 h5 33. Nxh5+ Rxh5 34. Bxh5 Bc6 35. Be2 Be4 36. Rf1 Qa3 37. Rf4 1-0

[Event "Commonwealth-ch"]
[Site "Nagpur"]
[Date "2008.10.06"]
[Round "11"]
[White "Venkata Ramana, J."]
[Black "Navalgund, Niranjan"]
[Result "0-1"]
[WhiteElo "2205"]
[BlackElo "2091"]
[PlyCount "72"]
[EventDate "2008.09.28"]
[EventType "swiss"]
[EventRounds "11"]
[EventCountry "IND"]
[SourceTitle "CBM 126 Extra"]
[Source "ChessBase"]
[SourceDate "2008.11.05"]
[SourceVersion "1"]
[SourceVersionDate "2008.11.05"]
[SourceQuality "1"]

1. d4 d5 2. Nf3 Nf6 3. c4 c6 4. Qc2 g6 5. Nc3 Na6 6. cxd5 cxd5 7. Bg5 Bg7 8. e3 0-0 9. a3 Nc7 10. Bd3 Be6 11. Bxf6 exf6 12. h4 f5 13. Ne2 Ne8 14. Nf4 Nd6 15. Ng5 Re8 16. g4 Ne4 17. Ngxe6 fxe6 18. f3 Nd6 19. h5 g5 20. h6 Bf8 21. gxf5 gxf4 22. Qg2+ Kf7 23. 0-0-0 Nxf5 24. Bxf5 exf5 25. Rdg1 Re7 26. Qg5 Rc7+ 27. Kb1 Qxg5 28. Rxg5 fxe3 29. Rxf5+ Kg6 30. Rf4 Kg5 31. Rg4+ Kf6 32. Rf4+ Ke7 33. Re1 Bxh6 34. Rh4 Rc6 35. f4 Re6 36. f5 Rc6 0-1

[Event "Commonwealth-ch"]
[Site "Nagpur"]
[Date "2008.09.29"]
[Round "2"]
[White "Himanshu, Sharma"]
[Black "Venkata Ramana, J."]
[Result "0-1"]
[WhiteElo "2423"]
[BlackElo "2205"]
[PlyCount "84"]
[EventDate "2008.09.28"]
[EventType "swiss"]
[EventRounds "11"]
[EventCountry "IND"]
[SourceTitle "CBM 126 Extra"]
[Source "ChessBase"]
[SourceDate "2008.11.05"]
[SourceVersion "1"]
[SourceVersionDate "2008.11.05"]
[SourceQuality "1"]

1. e4 g6 2. d4 c6 3. g3 d5 4. e5 h5 5. Bg2 Nh6 6. h3 Nf5 7. c3 e6 8. Nd2 c5 9. Ndf3 Qb6 10. Ne2 Bd7 11. g4 hxg4 12. hxg4 Rxh1+ 13. Bxh1 Nh6 14. Nh2 cxd4 15. Qxd4 Nc6 16. Qxb6 axb6 17. f4 b5 18. b4 g5 19. fxg5 Ng8 20. Nf3 Bg7 21. g6 Nxe5 22. Nxe5 Bxe5 23. Bf4 Bg7 24. gxf7+ Kxf7 25. Kd2 Ne7 26. Bd6 Ng6 27. Kc2 Ne5 28. g5 Nc4 29. Bc5 Kg6 30. Bf3 b6 31. Bg1 Kxg5 32. Bf2 Kf6 33. Bh4+ Kf7 34. Nf4 Ra3 35. Ne2 Kg8 36. Bg4 Ne3+ 37. Kb2 Ra4 38. Kb3 Nxg4 39. Nf4 Ne3 40. Nh5 Be8 41. Nf6+ Bxf6 42. Bxf6 Bg6 0-1

[Event "Mumbai Mayors Cup 1st"]
[Site "Mumbai"]
[Date "2008.05.18"]
[Round "10"]
[White "Rishi, Thariani"]
[Black "Venkata Ramana, J."]
[Result "0-1"]
[WhiteElo "1960"]
[BlackElo "2168"]
[PlyCount "62"]
[EventDate "2008.05.11"]
[EventType "swiss"]
[EventRounds "11"]
[EventCountry "IND"]
[SourceTitle "CBM 124 Extra"]
[Source "ChessBase"]
[SourceDate "2008.07.03"]
[SourceVersion "1"]
[SourceVersionDate "2008.07.03"]
[SourceQuality "1"]

1. e4 c5 2. c3 d6 3. d4 Qc7 4. Bd3 g6 5. Nf3 Bg7 6. Be3 Nf6 7. Nbd2 0-0 8. 0-0 e5 9. h3 b6 10. Re1 Nc6 11. a3 Nd7 12. dxc5 dxc5 13. Bc4 Nf6 14. Qc2 Na5 15. Ba2 c4 16. Rad1 h6 17. Nh2 Be6 18. Nhf1 Nh5 19. Bb1 Rfe8 20. Ng3 Nf4 21. Bxf4 exf4 22. Ne2 Bd7 23. Nd4 Nb7 24. Re2 Nc5 25. Nxc4 Ba4 26. b3 Nxb3 27. Nxb3 Qxc4 28. Ba2 Rac8 29. Rd5 Qxc3 30. Qxc3 Rxc3 31. Nd4 Rxa3 0-1

[Event "Mumbai Mayors Cup 1st"]
[Site "Mumbai"]
[Date "2008.05.17"]
[Round "9"]
[White "Venkata Ramana, J."]
[Black "Akshay, H Bhor"]
[Result "1-0"]
[WhiteElo "2168"]
[BlackElo "1974"]
[PlyCount "111"]
[EventDate "2008.05.11"]
[EventType "swiss"]
[EventRounds "11"]
[EventCountry "IND"]
[SourceTitle "CBM 124 Extra"]
[Source "ChessBase"]
[SourceDate "2008.07.03"]
[SourceVersion "1"]
[SourceVersionDate "2008.07.03"]
[SourceQuality "1"]

1. d4 Nf6 2. c4 e6 3. Nc3 Bb4 4. Nf3 c5 5. Qc2 0-0 6. dxc5 Bxc5 7. a3 a5 8. Bg5 Nc6 9. e3 b6 10. Bd3 h6 11. Bh4 Be7 12. h3 d5 13. cxd5 exd5 14. Rd1 Be6 15. e4 Rc8 16. Ba6 Re8 17. 0-0 Rc7 18. Nb5 Nxe4 19. Nxc7 Qxc7 20. Bb5 Bc5 21. Bxc6 Qxc6 22. b4 axb4 23. axb4 g5 24. bxc5 gxh4 25. Nd4 Qxc5 26. Qb2 Nd6 27. Rfe1 Nc4 28. Qc1 Qf8 29. Qf4 Kh7 30. Nf5 b5 31. Rxd5 Bxf5 32. Qxf5+ Kg7 33. Rxe8 Qxe8 34. Rd4 Qe1+ 35. Kh2 Qe5+ 36. Qxe5+ Nxe5 37. Rxh4 Nd3 38. Rd4 Nc5 39. f3 Na4 40. Rb4 Nc3 41. Rb3 b4 42. Rxb4 Nd5 43. Rb5 Nf4 44. Kg3 Ne6 45. Kg4 Kg6 46. f4 Ng7 47. f5+ Kh7 48. Rb6 Ne8 49. Kf4 Kg7 50. Ke5 h5 51. g3 Nc7 52. g4 hxg4 53. hxg4 Ne8 54. Rc6 Kf8 55. f6 Kg8 56. Rc8 1-0

[Event "Mumbai Mayors Cup 1st"]
[Site "Mumbai"]
[Date "2008.05.16"]
[Round "8"]
[White "Sahoo, Utkal Ranjan"]
[Black "Venkata Ramana, J."]
[Result "1-0"]
[WhiteElo "2004"]
[BlackElo "2168"]
[PlyCount "129"]
[EventDate "2008.05.11"]
[EventType "swiss"]
[EventRounds "11"]
[EventCountry "IND"]
[SourceTitle "CBM 124 Extra"]
[Source "ChessBase"]
[SourceDate "2008.07.03"]
[SourceVersion "1"]
[SourceVersionDate "2008.07.03"]
[SourceQuality "1"]

1. e4 c5 2. Nf3 d6 3. d4 cxd4 4. Nxd4 Nf6 5. Nc3 a6 6. f4 e6 7. Qf3 Qb6 8. Nb3 Qc7 9. a4 b6 10. Be3 Bb7 11. Bd3 Nc6 12. 0-0 Be7 13. Rae1 0-0 14. g4 d5 15. e5 Nd7 16. Qh3 g6 17. Nd4 Nxd4 18. Bxd4 Bc5 19. Ne2 Rae8 20. Qh6 f6 21. Bxg6 Re7 22. Bd3 fxe5 23. fxe5 Qxe5 24. c3 Qg7 25. Rxf8+ Nxf8 26. Qh5 Rf7 27. Kg2 Bxd4 28. Nxd4 Bc8 29. Re5 Qf6 30. Qg5+ Qxg5 31. Rxg5+ Rg7 32. Rxg7+ Kxg7 33. Nf3 Nd7 34. b4 h6 35. Kf2 Kf6 36. Ke3 Nb8 37. h4 e5 38. g5+ hxg5 39. hxg5+ Ke6 40. Nh4 e4 41. Be2 Bd7 42. Bg4+ Ke5 43. Ng6+ Kd6 44. Bxd7 Nxd7 45. Kd4 Ke6 46. Nf4+ Kf5 47. Nxd5 Ne5 48. Ne3+ Kf4 49. Nd5+ Kf5 50. Nxb6 Nf3+ 51. Ke3 Nxg5 52. Nc4 Kf6 53. Kf4 Nh3+ 54. Kxe4 Ke6 55. Kd4 Kd7 56. Kc5 Kc7 57. b5 axb5 58. axb5 Nf4 59. b6+ Kb8 60. Nd6 Ne6+ 61. Kb5 Nf4 62. c4 Ne6 63. Nf5 Nd8 64. c5 Kb7 65. Nd6+ 1-0

[Event "Mumbai Mayors Cup 1st"]
[Site "Mumbai"]
[Date "2008.05.15"]
[Round "7"]
[White "Venkata Ramana, J."]
[Black "Patil, Pratik"]
[Result "1-0"]
[WhiteElo "2168"]
[BlackElo "1950"]
[PlyCount "113"]
[EventDate "2008.05.11"]
[EventType "swiss"]
[EventRounds "11"]
[EventCountry "IND"]
[SourceTitle "CBM 124 Extra"]
[Source "ChessBase"]
[SourceDate "2008.07.03"]
[SourceVersion "1"]
[SourceVersionDate "2008.07.03"]
[SourceQuality "1"]

1. d4 Nf6 2. Nf3 g6 3. g3 Bg7 4. Bg2 0-0 5. 0-0 d5 6. c4 c6 7. Nc3 Ne4 8. Qb3 Nxc3 9. bxc3 dxc4 10. Qxc4 Nd7 11. e4 Nb6 12. Qe2 c5 13. a4 cxd4 14. cxd4 Be6 15. Qb2 Qc7 16. Ne5 Qc8 17. a5 Nc4 18. Nxc4 Bxc4 19. Rd1 Qd7 20. Be3 Rac8 21. Rab1 Ba6 22. Qa3 Rc4 23. d5 Ra4 24. Qb3 Rxa5 25. Bxa7 Rb5 26. Qa3 Rxb1 27. Rxb1 Rc8 28. Bc5 Qc7 29. Be3 Qd7 30. h4 Rc4 31. Kh2 Ra4 32. Qc1 Bd4 33. Bh3 Qe8 34. h5 Rc4 35. Qe1 Bxe3 36. Qxe3 Qa4 37. Re1 Qb4 38. h6 Qc5 39. Qf4 Qc7 40. Qg5 Rc2 41. Kg1 Qc3 42. Qe3 Qxe3 43. Rxe3 Re2 44. Rc3 b5 45. Ra3 Rxe4 46. Rxa6 f5 47. Bf1 b4 48. Re6 Rd4 49. Rxe7 b3 50. Rb7 b2 51. Rxb2 Kf7 52. Rb7+ Kg8 53. d6 Rxd6 54. Bc4+ Kf8 55. Rf7+ Ke8 56. Rxh7 Kf8 57. Rf7+ 1-0

[Event "Mumbai Mayors Cup 1st"]
[Site "Mumbai"]
[Date "2008.05.14"]
[Round "5"]
[White "Venkata Ramana, J."]
[Black "Atishay, Ajmera"]
[Result "0-1"]
[WhiteElo "2168"]
[BlackElo "1911"]
[PlyCount "54"]
[EventDate "2008.05.11"]
[EventType "swiss"]
[EventRounds "11"]
[EventCountry "IND"]
[SourceTitle "CBM 124 Extra"]
[Source "ChessBase"]
[SourceDate "2008.07.03"]
[SourceVersion "1"]
[SourceVersionDate "2008.07.03"]
[SourceQuality "1"]

1. c4 c5 2. Nc3 Nc6 3. e3 e6 4. d4 d5 5. dxc5 Nf6 6. a3 a5 7. Na4 Be7 8. Rb1 0-0 9. Nb6 Rb8 10. cxd5 exd5 11. Nxc8 Rxc8 12. b4 Ne4 13. Ne2 Bf6 14. f3 Bc3+ 15. Nxc3 Nxc3 16. Qb3 Nxb1 17. Qxb1 axb4 18. axb4 Qh4+ 19. Kd1 Qxb4 20. Qxb4 Nxb4 21. Ba3 Nc6 22. Kc2 Ra8 23. Kb2 Rfe8 24. e4 dxe4 25. fxe4 Rxe4 26. Bd3 Re3 27. Rd1 Ne5 0-1

[Event "Mumbai Mayors Cup 1st"]
[Site "Mumbai"]
[Date "2008.05.13"]
[Round "4"]
[White "Swapnil, S Dhopade"]
[Black "Venkata Ramana, J."]
[Result "1-0"]
[WhiteElo "2354"]
[BlackElo "2168"]
[PlyCount "49"]
[EventDate "2008.05.11"]
[EventType "swiss"]
[EventRounds "11"]
[EventCountry "IND"]
[SourceTitle "CBM 124 Extra"]
[Source "ChessBase"]
[SourceDate "2008.07.03"]
[SourceVersion "1"]
[SourceVersionDate "2008.07.03"]
[SourceQuality "1"]

1. d4 c5 2. d5 d6 3. c4 e6 4. Nc3 exd5 5. cxd5 g6 6. g3 a6 7. a4 Nd7 8. Nf3 Rb8 9. Bg2 Bg7 10. Bf4 Ndf6 11. 0-0 h6 12. e4 Bg4 13. Bxd6 Qxd6 14. e5 Qd7 15. exf6 Nxf6 16. Qe1+ Qe7 17. d6 Qxe1 18. Rfxe1+ Kd8 19. Re7 Bxf3 20. Bxf3 Rf8 21. Bxb7 Ne8 22. Nd5 Be5 23. Bc6 Bxd6 24. Rd7+ Kc8 25. a5 1-0

[Event "Mumbai Mayors Cup 1st"]
[Site "Mumbai"]
[Date "2008.05.12"]
[Round "3"]
[White "Venkata Ramana, J."]
[Black "Venkatesh, S."]
[Result "1-0"]
[WhiteElo "2168"]
[BlackElo "1637"]
[PlyCount "106"]
[EventDate "2008.05.11"]
[EventType "swiss"]
[EventRounds "11"]
[EventCountry "IND"]
[SourceTitle "CBM 124 Extra"]
[Source "ChessBase"]
[SourceDate "2008.07.03"]
[SourceVersion "1"]
[SourceVersionDate "2008.07.03"]
[SourceQuality "1"]

1. c4 e6 2. Nf3 Nf6 3. g3 d5 4. b3 Be7 5. Bg2 Nbd7 6. 0-0 0-0 7. Bb2 c5 8. cxd5 Nxd5 9. d4 Bf6 10. e4 Nc7 11. e5 Be7 12. Nc3 Nb6 13. Qe2 Nbd5 14. Ne4 b6 15. Rfc1 Ba6 16. Qd2 cxd4 17. Nxd4 Bb7 18. Nc6 Bxc6 19. Rxc6 Nb4 20. Qxd8 Bxd8 21. Rc4 Ncd5 22. a3 Na6 23. Nc3 Nac7 24. Nxd5 Nxd5 25. Rd1 b5 26. Rc5 Be7 27. Rxb5 Rfb8 28. Rxb8+ Rxb8 29. Rd3 Kf8 30. Kf1 Nb6 31. b4 Nc4 32. Bd4 a5 33. bxa5 Nxa5 34. Rc3 g6 35. Be4 Nb3 36. Be3 Na5 37. Bh6+ Ke8 38. h4 Rb3 39. Rxb3 Nxb3 40. a4 Kd7 41. Ke2 Kc7 42. h5 Kb6 43. hxg6 hxg6 44. Be3+ Ka5 45. Bc6 f6 46. exf6 Bxf6 47. Kd3 Kb4 48. Be8 Be7 49. Ke4 Bd6 50. Bxg6 Kxa4 51. Be8+ Kb4 52. g4 Nc5+ 53. Bxc5+ Bxc5 1-0

[Event "Salem op"]
[Site "Salem"]
[Date "2000.??.??"]
[Round "6"]
[White "Chakravarti, K."]
[Black "Venkata Ramana, J."]
[Result "1/2-1/2"]
[WhiteElo "2192"]
[BlackElo "2274"]
[PlyCount "38"]
[EventDate "2000.05.??"]
[EventType "swiss"]
[EventRounds "11"]
[EventCountry "IND"]
[SourceTitle "EXT 2001"]
[Source "ChessBase"]
[SourceDate "2000.11.22"]
[SourceVersion "1"]
[SourceVersionDate "2000.11.22"]
[SourceQuality "1"]

1. e4 e5 2. Nf3 Nc6 3. Nc3 Nf6 4. Bb5 Bb4 5. 0-0 0-0 6. d3 d6 7. Bg5 a6 8. Bxf6 gxf6 9. Bxc6 bxc6 10. Nh4 Bxc3 11. bxc3 Kh8 12. Qh5 Qe7 13. f4 Rg8 14. Nf5 Bxf5 15. Qxf5 exf4 16. Qxf4 Rg5 17. Rab1 Rag8 18. g3 R8g6 19. c4 Qd7 1/2-1/2

[Event "Salem op"]
[Site "Salem"]
[Date "2000.??.??"]
[Round "9"]
[White "Saptarshi, Roy Chowdhury"]
[Black "Venkata Ramana, J."]
[Result "1-0"]
[WhiteElo "2107"]
[BlackElo "2274"]
[PlyCount "53"]
[EventDate "2000.05.??"]
[EventType "swiss"]
[EventRounds "11"]
[EventCountry "IND"]
[SourceTitle "EXT 2001"]
[Source "ChessBase"]
[SourceDate "2000.11.22"]
[SourceVersion "1"]
[SourceVersionDate "2000.11.22"]
[SourceQuality "1"]

1. e4 e5 2. Bc4 Nf6 3. d3 Nc6 4. Nc3 Bb4 5. Bg5 h6 6. Bh4 d6 7. Nge2 Be6 8. a3 Bc5 9. b4 Bb6 10. Bd5 Bxd5 11. Nxd5 g5 12. Nxb6 axb6 13. Bg3 Qd7 14. f3 h5 15. h4 g4 16. f4 Qe7 17. 0-0 0-0-0 18. b5 Nb8 19. c4 exf4 20. Rxf4 Ne8 21. a4 Ng7 22. Nc3 c6 23. a5 bxa5 24. Rxa5 f5 25. Ra8 fxe4 26. Qa4 exd3 27. Qa7 1-0

[Event "IND-chT"]
[Site "Chennai"]
[Date "2000.??.??"]
[Round "3"]
[White "Venkata Ramana, J."]
[Black "Ravichandran, Vaidyanathan"]
[Result "0-1"]
[WhiteElo "2274"]
[BlackElo "2214"]
[PlyCount "44"]
[EventDate "2000.??.??"]
[EventType "team"]
[EventRounds "6"]
[EventCountry "IND"]
[SourceTitle "EXT 2001"]
[Source "ChessBase"]
[SourceDate "2000.11.22"]
[SourceVersion "1"]
[SourceVersionDate "2000.11.22"]
[SourceQuality "1"]

1. c4 Nf6 2. Nc3 d5 3. cxd5 Nxd5 4. Qa4+ Bd7 5. Qb3 Nb6 6. Nf3 Nc6 7. d3 e5 8. e3 g6 9. Be2 Bg7 10. a3 Be6 11. Qc2 Na5 12. Nd2 0-0 13. b4 Nc6 14. Nb3 Nd5 15. Nc5 Nxc3 16. Nxe6 fxe6 17. Qxc3 e4 18. d4 Nxd4 19. exd4 Bxd4 20. Qd2 Bxa1 21. Qc2 Bd4 22. 0-0 Rxf2 0-1

[Event "Salem op"]
[Site "Salem"]
[Date "2000.??.??"]
[Round "1"]
[White "Venkata Ramana, J."]
[Black "Syed Anwar, Shazuli"]
[Result "0-1"]
[WhiteElo "2274"]
[BlackElo "2280"]
[PlyCount "82"]
[EventDate "2000.05.??"]
[EventType "swiss"]
[EventRounds "11"]
[EventCountry "IND"]
[SourceTitle "EXT 2001"]
[Source "ChessBase"]
[SourceDate "2000.11.22"]
[SourceVersion "1"]
[SourceVersionDate "2000.11.22"]
[SourceQuality "1"]

1. e4 c6 2. d4 d5 3. Nc3 g6 4. e5 Bg7 5. Nf3 Nh6 6. Bd3 f6 7. Qe2 0-0 8. h3 Qb6 9. 0-0 Na6 10. Na4 Qa5 11. b3 b5 12. Bd2 Qc7 13. Nc3 Nb8 14. a4 b4 15. Na2 fxe5 16. Nxe5 a5 17. c3 c5 18. cxb4 cxb4 19. Rac1 Qb6 20. Nf3 Nc6 21. Be3 Nf5 22. Bxf5 Bxf5 23. Rfd1 Rac8 24. Qb5 Qxb5 25. axb5 Na7 26. b6 Nb5 27. Rc5 Bc2 28. Rd2 Rxc5 29. dxc5 Bxb3 30. Nc1 Bc4 31. Nd4 Nxd4 32. Bxd4 e5 33. Bb2 Rb8 34. Nd3 d4 35. f3 Bb5 36. Kf2 Bxd3 37. Rxd3 Bf8 38. f4 e4 39. Rd1 Bxc5 40. Bxd4 Bxd4+ 41. Rxd4 Rxb6 0-1